Frühling wird es in Seestücken : Roman /
| Hlavní autor: | Müller, Martin |
|---|---|
| Jazyk: | Němčina |
| Vydáno: |
Rostock : Hinstorff, 1961 |
| Vydání: | 1. Aufl. |
| Fyzický popis: |
310 s. |
| LEADER | 00584nam a22002052a 4500 | ||
|---|---|---|---|
| 001 | 001378321 | ||
| 003 | CZ BrMZK | ||
| 005 | 20140612145958.0 | ||
| 007 | ta | ||
| 008 | 140403s1961 gw er|||||||||||ger d | ||
| 040 | |a BOA001 |b cze | ||
| 100 | 1 | |a Müller, Martin |4 aut | |
| 245 | 1 | 0 | |a Frühling wird es in Seestücken : |b Roman / |c Martin Müller |
| 250 | |a 1. Aufl. | ||
| 260 | |a Rostock : |b Hinstorff, |c 1961 | ||
| 300 | |a 310 s. | ||
| 910 | |a BOA001 |b 2-0479.968 | ||
| 990 | |a BK | ||
| 991 | |b 201403 | ||
| 996 | 7 | |b 2619063533 |c 2-0479.968 |l MZK |r Sklad / do 24 hodin |n 0 |w 001413367 |u 000010 |a 1 |e BOA001 |j MZK50 |s A | |
English
Čeština 